000 00701nam a2200217 4500
001 118030
003 ES-MaBCM
005 20241016143328.0
008 051205s1969 esp spa d
017 _aMU.207-1969
021 _axx
035 _a(OCoLC)433953658
040 _cES-MaBCM
041 0 _aspa
245 0 3 _aLa agricultura murciana
_b: sus problemas y soluciones, término municipal de Murcia
_c[preparación, dirección y revisión de los Sres. A. Ortuño, M.G. Guillén y J.A. Sánchez]
260 _aMurcia :
_bHermandad Sindical,
_c1969
300 _a208 p., 3 h.
_c25 cm
700 1 _aOrtuño Martínez, Ángel
_966519
700 1 _aGuillén López, M. G.
_966520
942 _cBK
999 _c118030
_d118030